Nhập môn triết học phương Tây = Elements of philosophy
Gardado en:
| Autor Principal: | |
|---|---|
| Formato: | Libro |
| Idioma: | Undetermined |
| Publicado: |
Thành Phố Hồ Chí Minh
Tổng hợp thành phố Hồ Chí Minh
2004
|
| Những chủ đề: | |
| Các nhãn: |
Engadir etiqueta
Sen Etiquetas, Sexa o primeiro en etiquetar este rexistro!
|
| Thư viện lưu trữ: | Trung tâm Học liệu Trường Đại học Cần Thơ |
|---|
| LEADER | 00651nam a2200193Ia 4500 | ||
|---|---|---|---|
| 001 | CTU_62524 | ||
| 008 | 210402s9999 xx 000 0 und d | ||
| 020 | |b 110000 | ||
| 082 | |a 190 | ||
| 082 | |b S929 | ||
| 100 | |a Samuel Enoch Stumpe | ||
| 245 | 0 | |a Nhập môn triết học phương Tây = Elements of philosophy | |
| 245 | 0 | |c Samuel Enoch Stumpe, Donald C Abel; Lưu văn Hy biên dịch | |
| 260 | |a Thành Phố Hồ Chí Minh | ||
| 260 | |b Tổng hợp thành phố Hồ Chí Minh | ||
| 260 | |c 2004 | ||
| 650 | |a philosophy, western | ||
| 904 | |i Minh | ||
| 980 | |a Trung tâm Học liệu Trường Đại học Cần Thơ | ||